| 000 | 00551cam a22002291 4500 | ||
|---|---|---|---|
| 001 | sa 65002483 | ||
| 003 | DLC | ||
| 005 | 20260227112117.0 | ||
| 008 | 940615m19631964ii a 000 0 beno | ||
| 010 | _asa 65002483 | ||
| 025 | _aPL480:EP-B-652 | ||
| 035 | _a(OCoLC)30612908 | ||
| 040 |
_aDLC _cCU _dCU _dDLC |
||
| 042 | _apremarc | ||
| 050 | 0 | 0 |
_aHQ56 _b.S66 |
| 100 | 1 | _aSobhan, Abdus. | |
| 245 | 1 | 0 | _aYaubane joẏāra elo. |
| 260 | _c[1963/64] | ||
| 300 |
_a2, 143 p. _bill. _c22 cm. |
||
| 500 | _aIn Bengali. | ||
| 650 | 0 | _aSex instruction. | |
| 999 |
_c62665 _d62665 |
||